000 00350nam a2200169Ia 4500
100 _aDandamudi/Sivarama P
650 _aRISC
942 _cBK
366 _f17.5
654 _aRisc processor
245 _aGuide to RISC Processors
260 _bSpringer
_aNew Delhi
_c2005
082 _bDAN
300 _a387
546 _aENGLISH
999 _c34074
_d34074